The sheep-pig / (Record no. 4411)

MARC details
000 -LEADER
fixed length control field 00901nam a22002657a 4500
001 - CONTROL NUMBER
control field 4411
003 - CONTROL NUMBER IDENTIFIER
control field FISKH
005 - DATE AND TIME OF LATEST TRANSACTION
control field 20250403093318.0
008 - FIXED-LENGTH DATA ELEMENTS--GENERAL INFORMATION
fixed length control field 240821b cb ||||| |||| 00| 0 eng d
020 ## - INTERNATIONAL STANDARD BOOK NUMBER
International Standard Book Number 9780141370217
040 ## - CATALOGING SOURCE
Original cataloging agency FISKH
Language of cataloging eng
Transcribing agency FISKH
Modifying agency FISKH
050 ## - LIBRARY OF CONGRESS CALL NUMBER
Classification number PZ7.K5893
082 ## - DEWEY DECIMAL CLASSIFICATION NUMBER
Edition number 823.914
100 ## - MAIN ENTRY--PERSONAL NAME
Personal name King-Smith, Dick
Dates associated with a name (1922–2011)
245 ## - TITLE STATEMENT
Title The sheep-pig /
Statement of responsibility, etc. Dick King-Smith ; Illustrated by Ann Kronheimer
250 ## - EDITION STATEMENT
Edition statement This edition published 2017
260 ## - PUBLICATION, DISTRIBUTION, ETC.
Place of publication, distribution, etc. London :
Name of publisher, distributor, etc. Puffin,
Date of publication, distribution, etc. 1983.
300 ## - PHYSICAL DESCRIPTION
Extent 135 pages :
Other physical details illustrations ;
Dimensions 20 cm
520 ## - SUMMARY, ETC.
Summary, etc. A piglet destined for eventual butchering arrives at the farmyard, is adopted by an old sheep dog, and discovers a special secret to success.
650 ## - SUBJECT ADDED ENTRY--TOPICAL TERM
Topical term or geographic name entry element Animals
Form subdivision Talking animals
General subdivision Fantasy
650 ## - SUBJECT ADDED ENTRY--TOPICAL TERM
Topical term or geographic name entry element Farm
Form subdivision Fiction
General subdivision Friendship
700 ## - ADDED ENTRY--PERSONAL NAME
Personal name Kronheimer, Ann
Relator term illustrator
942 ## - ADDED ENTRY ELEMENTS (KOHA)
Source of classification or shelving scheme Dewey Decimal Classification
Koha item type Books
Suppress in OPAC No
Holdings
Withdrawn status Lost status Source of classification or shelving scheme Damaged status Not for loan Collection Home library Current library Shelving location Date acquired Total Checkouts Full call number Barcode Date last seen Copy number Price effective from Koha item type
    Dewey Decimal Classification     Fiction Footprints International School Library Network Toul Kork Campus Footprints International School Library Network Toul Kork Campus A TK Campus, 4th Floor, Room B401, Fiction Bookcases (1-6) 08/21/2024   KIN 823.914 PZ7.K5893 2024-1841 08/21/2024 1 08/21/2024 Books
    Dewey Decimal Classification     Fiction Footprints International School Library Network Toul Kork Campus Footprints International School Library Network Toul Kork Campus A TK Campus, 4th Floor, Room B401, Fiction Bookcases (1-6) 04/03/2025   KIN 823.914 PZ7.K5893 2025-0947 04/03/2025 2 04/03/2025 Books